000 01618nam a2200229Ia 4500
999 _c38054
_d38054
001 4040
003 GE_BSU
005 20190924154942.0
008 181216s1983||||ge |||||||||||||| ||geo||
040 _cGE_BSU
041 _ageo
080 _a39(479.223) ს–32
245 _aსამხრეთ-დასავლეთ საქართველოს ეთნოლოგიის პრობლემები /
_b N 10 :
_cრედაქტორი: ალ. რობაქიძე.
264 _aთბილისი :
_bმეცნიერება,
_c1983.
300 _a108 გვ.;
_b21 სმ.
500 _aკრებული ეძღვნება საქართველოს სსრ მეცნიერებათა აკადემიის ნ. ბერძენიშვილის სახელობის ბატუმის სამეცნიერო-კვლევითი ინსტიტუტის 25 წლისთავს
653 _aსამხრეთ-დასავლეთ საქართველოს ყოფა და კულტურა
700 _aრობაქიძე, ალ.
_eრედაქტორი
_94279
710 _aსაქართველოს მეცნიერებისა და განათლების სამინისტრო
_94280
710 _aბათუმის ნიკო ბერძენიშვილის სახელობის სამეცნიერო-კვლევითი ინსტიტუტი
_94281
942 _cBK
_2udc